000 00329nab a22001097u 4500
008 130520b1988 xxu||||| |||| 00| 0 spa d
041 _aspa
100 1 _aDegen, J.
_967438
245 0 0 _aLa diaconía como agencia en el Estado de bienestar
_cJ. Degen
773 0 _tConcilium
_gV.2,1988,págs.131-138
_x0210-1041
_wRev134
942 _cAR
999 _c355405
_d355405